Indigeneidad: Problemáticas, experiencias y agendas en el nuevo milenio /
En este artículo se historiza la idea de indígena y la noción de indigeneidad. Tratada como relación, y como formación discursiva, y no como identidad, indigeneidad incluye no sólo a indígenas, sino también a quienes se identifican como no indígenas. Considerando las diferencias históricas locales -...
Shranjeno v:
| Glavni avtor: | |
|---|---|
| Drugi avtorji: | |
| Format: | Texto |
| Teme: | |
| Oznake: |
Označite
Brez oznak, prvi označite!
|
MARC
| LEADER | 00000 a a2200000 04500 | ||
|---|---|---|---|
| 001 | 41521 | ||
| 003 | |||
| 040 | |||
| 100 | |a Cadena, Marisol de la | ||
| 245 | |a Indigeneidad: |b Problemáticas, experiencias y agendas en el nuevo milenio / |c Marisol de la Cadena; Orin Starn | ||
| 520 | |a En este artículo se historiza la idea de indígena y la noción de indigeneidad. Tratada como relación, y como formación discursiva, y no como identidad, indigeneidad incluye no sólo a indígenas, sino también a quienes se identifican como no indígenas. Considerando las diferencias históricas locales -articuladas con formaciones de nación-Estado- se explica la diferencia entre etnicidad e indigeneidad, la porosidad de las fronteras entre quienes no lo hacen, las condiciones en que ocurre la indigeneidad en la diáspora contemporánea y los problemas del esencialismo indigenizante. | ||
| 590 | |a RRA/AGOSTO2011 | ||
| 650 | |a 1.POBLACION INDIGENA | ||
| 650 | |a 2.ETNICIDAD | ||
| 650 | |a 3.DERECHOS HUMANOS | ||
| 650 | |a 4.MOVIMIENTOS SOCIALES | ||
| 650 | |a 5.IDENTIDAD CULTURAL | ||
| 700 | |a Starn, Orin | ||
| 773 | |g número10 ( , 2009), páginas 191-223 | ||
| 999 | |c 30606 |d 30606 | ||
